Регионална библиотека "Любен Каравелов" - Русе

Училище за вълшебства и други истории (Запис номер 45359)

MARC детайли
000 -Лидер
Контролно поле с фиксирана дължина 01501nam a2200361 c 4500
003 - Код на организацията, давaща контролен номер
Контролно поле BLK
005 - Дата и час на последна редакция
Контролно поле 20230214175657.0
008 - Елементи от данни с фиксирана дължина
fixed length control field 180408b bul|||||r ||||||| ||bul||
010 ## - Наследен системен номер
LC control number KNG00049152000
020 ## - Международен стандартен номер на книга ISBN
Международен стандартен номер на книга ISBN 978-954-527-512-8
040 ## - Източник на каталожния запис
Идентификатор на билиотеката - собственик на записа BLK
041 ## - Код за език
Код за езика на текст/звукозапис или на отделно заглавие Български
Код за езика КДБФ Български
072 #7 - Код за тематичната категория
Код организация bullib
Код за тематична категория Н86
Текст Детска отраслова литература Н
080 ## - УДК
Текстов определител УДК Немска литература
УДК код - определител по УДК 821.112.2
УДК определител -93-32
УДК - код + определител 821.112.2-93-32
100 1# - Редна дума - Автор
Автор Енде, Михаел
Авторска отговорност първи автор
R(LIN) 267386
139 ## - Редно поле
Редна дума Енде, Михаел
Авторски знак Енд - Е 63
245 10 - Сведения за заглавието
Заглавие Училище за вълшебства и други истории
Редно поле (дума) Михаел Енде; прев. от нем. Лилия Рачева; ил. Регина Кен.
257 ## - Страна на издаване
Страна на създаване/издаване Германия
260 ## - Област на издателските данни
Име на издателя, разпространителя и проч. Дамян Яков
Година на издаване 2011
Печатница София : Вулкан
300 ## - Физическа характеристика
Страници 264 с.
Илюстрации и др. с ил.
Размери/Мащаб 22 см
380 ## - Жанр
Жанр Детска худож. лит.
500 ## - Общи забележки
Забележка Ориг. загл. Die Zauberschule und andere Geschihten / Michael Ende. - Съдържа и за авт. и ил.
653 ## - Ключова дума – ненормативна
Ключова дума литература за деца
653 ## - Ключова дума – ненормативна
Ключова дума детска литература
659 ## - Тематичен бюлетин
Тематичен бюлетин Н
700 1# - Други автори (авторска отговорност)
Лично име Рачева, Лилия
Автороска отговорност (Описва отношението между автора и произведението) прев. от нем.
9 (RLIN) 280154
700 1# - Други автори (авторска отговорност)
Лично име Кен, Регина
Автороска отговорност (Описва отношението между автора и произведението) ил.
9 (RLIN) 280155
852 ## - Местоположение
Форматна сигнатура Цб 254280
856 4# - Електронен адрес и достъп
Електронен формат pdf - файл
Инструкция (цена за достъп) 0.00
Права за достъп disable
856 4# - Електронен адрес и достъп
Електронен формат pdf - файл
Инструкция (цена за достъп) 0.00
Права за достъп disable
999 ## - СИСТЕМНИ КОНТРОЛНИ НОМЕРА
Koha biblionumber 45359
Koha biblioitemnumber 45359
942 ## - АРТИКУЛИ
Вид на библиотечния материал Книги
Скрит в OPAC Не
Koha issues (borrowed), all copies 47
Периодичен библиозапис Да
944 ## - СЪЗДАВАНЕ И РЕДАКЦИЯ на ЗАПИСА
Създаване/Редакция Създаване
Дата на регистрацията/редакция 06.01.2012
Статус, дата на статуса ф /
Служител, извършил регистрацията/редакцията Пенка_Димитрова
944 ## - СЪЗДАВАНЕ И РЕДАКЦИЯ на ЗАПИСА
Създаване/Редакция Редакция
Дата на регистрацията/редакция 29.12.2014
Статус, дата на статуса ф /
Служител, извършил регистрацията/редакцията Людмила_Стоянова
999 ## - СИСТЕМНИ КОНТРОЛНИ НОМЕРА
Koha biblioitemnumber 45359
Наличности
Код за отписване Код за изгубен артикул Източник на класификационната схема Код за повреда Коз за рестрикции Код за отдаване Артикулен № Име на библиотеката - собственик Име на библиотеката, в която се намира в момента Статус (Текущо местоположение) Дата на вписване в системата Местоположение - отдел Цена в лева Инвентарен номер Систематично азбучна сигнатура Баркод Номер на екземпляра Цена в евро Служебна бележка Служебен тип на артикула
Изтеглен Не е изгубен Universal Decimal Classification Не е повреден без рестрикции заемане за дома 71451 Регионална библиотека "Любен Каравелов" Русе Регионална библиотека "Любен Каравелов" Русе Детски отдел 2011-12-19 Детски отдел 10.00 120000755892 ДХ 820/899/Е 63 120000755892 1 5.11 Дост: Pk Вид: Ф N: 291 Дата: 15.12.2011 Дата инв: 06.08.2015 Бележки инв: Д2015 Книги
Изтеглен Не е изгубен   Не е повреден без рестрикции заемане за дома 71452 Регионална библиотека "Любен Каравелов" Русе Регионална библиотека "Любен Каравелов" Русе Детски отдел 2012-05-21 Детски отдел 8.82 120000757676 ДХ 820/899/Е 63 120000757676 2 4.51 Дост: DA Вид: А N: 7 Дата: 16.05.2012 Дата инв: 06.08.2015 Бележки инв: Д2015 Книги
  Не е изгубен   Не е повреден без рестрикции заемане за дома 71453 Регионална библиотека "Любен Каравелов" Русе Регионална библиотека "Любен Каравелов" Русе Детски отдел 2012-05-21 Детски отдел 8.82 120000757677 ДХ 820/899/Е 63 120000757677 3 4.51 Дост: DA Вид: А N: 7 Дата: 16.05.2012 Дата инв: 06.08.2015 Бележки инв: Д2015 Книги
  Не е изгубен   Не е повреден без рестрикции ползва се в читалня 71454 Регионална библиотека "Любен Каравелов" Русе Регионална библиотека "Любен Каравелов" Русе Хранилище 2013-07-17 Хранилище 9.80 120000768283 Цб 254280 120000768283 4 5.01 Дост: Dp Вид: Д N: 15 Дата: 09.04.2012 Книги
  Не е изгубен Universal Decimal Classification Не е повреден без рестрикции заемане за дома 71455 Регионална библиотека "Любен Каравелов" Русе Регионална библиотека "Любен Каравелов" Русе Детски отдел 2014-12-18 Детски отдел 9.80 120000783935 821-93/Е 63 М 120000783935 5 5.01 Дост: DA Вид: Г N: 31 Дата: 18.12.2014 Дата инв: 18.09.2015 Бележки инв: Д2015 Книги
  Не е изгубен Universal Decimal Classification Не е повреден без рестрикции заемане за дома 690093 Регионална библиотека "Любен Каравелов" Русе Регионална библиотека "Любен Каравелов" Русе Детски отдел 2019-02-22 Детски отдел 9.80   ДХ 820/899/Е 63 120000830291   5.01   Книги
Vip Innovations Ltd, Rousse, Bulgaria 2025